| 000 | 00458nam a2200157Ia 4500 | ||
|---|---|---|---|
| 001 | 64801 | ||
| 008 | 211026n ii |||gr||||Z||||||465 | ||
| 020 | _a9788189930448 | ||
| 082 | _a820.9 | ||
| 100 |
_aDaiches, David, _eAuthor. |
||
| 245 | 0 |
_aA critical of english literature _cDavid Daiches _hTextual Documents |
|
| 260 |
_aNew Delhi: _bSupernova Publishers, _c2018. |
||
| 300 |
_a1211p.: _c20cm. |
||
| 653 | _aHistory of english literature | ||
| 942 |
_2ddc _cBK |
||
| 999 |
_c65901 _d65901 |
||